000 00540nam a2200181Ia 4500
008 240729s9999 xx 000 0 und d
022 _a2090-651X
245 0 _aCase Reports in Endocrinology
260 _aUnited Kingdom
260 _bHindawi Limited
650 _a Diseases of the endocrine glands. Clinical endocrinology
650 _a Internal medicine
650 _a Specialties of internal medicine
650 _aMedicine
856 _uhttps://doaj.org/toc/bbe8de11f47a487ebf0aacc0e6d13ca0
942 _2ddc
942 _cDOAJEJ
999 _c71664
_d71664
945 _a1
_bMadushi Gamage
_c1
_dMadushi Gamage